00710nam a2200217 i 4500001001000000003000900010005001700019007000300036008004100039040003000080082002500110100004000135245005700175264004400232300002800276336002700304337003400331338002700365490005300392650004700445000027744DO-SdBNP20240902094218.0ta110404s1994 dr 000 0 spa d aDO-SdBNPbspacBNPHUerda 4a972.93053bT266d2221 aTejeda, Adriano Miguel,eautor4aut10aDiario de la Independencia /cAdriano Miguel Tejeda. aSanto Domingo :bEditora Taller,c1994. a311 páginas ;c23 cm. atextobtxt2rdacontent asin mediaciónbnc2rdamedia avolumenbn2rdacarrier aSesquicentenario de la Independencia Nacionalv4 4aRepública DominicanaxHistoria 1844-1861